Presence : (Record no. 14837)
[ view plain ]
| 000 -LEADER | |
|---|---|
| fixed length control field | 01979cam a2200385 a 4500 |
| 001 - CONTROL NUMBER | |
| control field | 14266342 |
| 005 - DATE AND TIME OF LATEST TRANSACTION | |
| control field | 20081015073429.0 |
| 008 - FIXED-LENGTH DATA ELEMENTS--GENERAL INFORMATION | |
| fixed length control field | 060215s2005 nyua b 001 0 eng d |
| 010 ## - LIBRARY OF CONGRESS CONTROL NUMBER | |
| LC control number | 2006295442 |
| 020 ## - INTERNATIONAL STANDARD BOOK NUMBER | |
| International Standard Book Number | 9781857883558 |
| 035 ## - SYSTEM CONTROL NUMBER | |
| System control number | (OCoLC)ocm61257585 |
| 040 ## - CATALOGING SOURCE | |
| Original cataloging agency | EB$ |
| Transcribing agency | EB$ |
| Modifying agency | BAKER |
| -- | JRZ |
| -- | NTE |
| -- | DLC |
| 042 ## - AUTHENTICATION CODE | |
| Authentication code | lccopycat |
| 050 00 - LIBRARY OF CONGRESS CALL NUMBER | |
| Classification number | HD58.8 |
| Item number | .P734 2005 |
| 082 04 - DEWEY DECIMAL CLASSIFICATION NUMBER | |
| Classification number | 302.35 |
| Edition number | 22 |
| Item number | PRE |
| 245 00 - TITLE STATEMENT | |
| Title | Presence : |
| Remainder of title | Exploring Profound Change in People, Organizations, and Society / |
| Statement of responsibility, etc | Peter Senge ... [et al.]. |
| 260 ## - PUBLICATION, DISTRIBUTION, ETC. (IMPRINT) | |
| Place of publication, distribution, etc | New York : |
| Name of publisher, distributor, etc | Doubleday, 2005 |
| Date of publication, distribution, etc | 2005 |
| 300 ## - PHYSICAL DESCRIPTION | |
| Extent | x, 289 p. : |
| Other physical details | ill. ; |
| Dimensions | 25 cm. |
| 500 ## - GENERAL NOTE | |
| General note | Was originally published in hardcover by SoL (The Society for Organizational Learning, Inc.) in March 2004. |
| 504 ## - BIBLIOGRAPHY, ETC. NOTE | |
| Bibliography, etc | Includes bibliographical references (p. 249-261) and index. |
| 650 #0 - SUBJECT ADDED ENTRY--TOPICAL TERM | |
| Topical term or geographic name as entry element | Organizational change. |
| 9 (RLIN) | 21177 |
| 650 #0 - SUBJECT ADDED ENTRY--TOPICAL TERM | |
| Topical term or geographic name as entry element | Thought and thinking. |
| 9 (RLIN) | 21178 |
| 650 #0 - SUBJECT ADDED ENTRY--TOPICAL TERM | |
| Topical term or geographic name as entry element | Organizational learning. |
| 9 (RLIN) | 21179 |
| 650 #0 - SUBJECT ADDED ENTRY--TOPICAL TERM | |
| Topical term or geographic name as entry element | Social change. |
| 9 (RLIN) | 21180 |
| 700 1# - ADDED ENTRY--PERSONAL NAME | |
| Personal name | Senge, Peter M. |
| 9 (RLIN) | 21181 |
| 710 2# - ADDED ENTRY--CORPORATE NAME | |
| Corporate name or jurisdiction name as entry element | Society for Organizational Learning. |
| 9 (RLIN) | 21182 |
| 856 42 - ELECTRONIC LOCATION AND ACCESS | |
| Materials specified | Contributor biographical information |
| Uniform Resource Identifier | <a href="http://www.loc.gov/catdir/enhancements/fy0643/2006295442-b.html">http://www.loc.gov/catdir/enhancements/fy0643/2006295442-b.html</a> |
| 856 42 - ELECTRONIC LOCATION AND ACCESS | |
| Materials specified | Publisher description |
| Uniform Resource Identifier | <a href="http://www.loc.gov/catdir/enhancements/fy0643/2006295442-d.html">http://www.loc.gov/catdir/enhancements/fy0643/2006295442-d.html</a> |
| 856 41 - ELECTRONIC LOCATION AND ACCESS | |
| Materials specified | Sample text |
| Uniform Resource Identifier | <a href="http://www.loc.gov/catdir/enhancements/fy0661/2006295442-s.html">http://www.loc.gov/catdir/enhancements/fy0661/2006295442-s.html</a> |
| 942 ## - ADDED ENTRY ELEMENTS (KOHA) | |
| Source of classification or shelving scheme | Dewey Decimal Classification |
| Item type | Book - Borrowing |
| Withdrawn status | Item status | Source of classification or shelving scheme | Damaged status | Not for loan | Vendor | Home library | Current library | Shelving location | Date acquired | Source of acquisition | Total Checkouts | Full call number | Barcode | Date last seen | Koha item type | Total Renewals | Date last borrowed |
|---|---|---|---|---|---|---|---|---|---|---|---|---|---|---|---|---|---|
| Dewey Decimal Classification | Baccah | Central Library | Central Library | First floor | 11/11/2010 | 302.35 PRE | 000022542 | 15/07/2025 | Book - Borrowing | ||||||||
| Dewey Decimal Classification | Central Library | Central Library | First floor | 11/11/2010 | 2 | 302.35 PRE | 000022544 | 15/07/2025 | Book - Borrowing | 3 | 16/01/2012 | ||||||
| Dewey Decimal Classification | Baccah | Central Library | Central Library | First floor | 11/11/2010 | 302.35 PRE | 000022543 | 15/07/2025 | Book - Borrowing |